000
00246nam a2200097Ia 4500
001
934403
005
20250826215005.0
008
250824s9999 xx 000 0 und d
245
0
_a
AŞKI MEMNU
_c
HALİD ZİYA UŞAKLIGİL
260
_b
ANONİM YAYINLARI
999
_c
934403
_d
934403